00368nam a2200121 4500082000800000100001500008245003700023260005600060300001200116942000700128999001500135952009600150 aBRO aBrohi, A.K aLife and Work of Allama I I Kazi aJamshoro:bAllama I I Kazi Memorial Society,c1988. a103p. ; cBK c9887d9887 001040708REFaREFbREFd2014-09-11l0oBRO (Shelf - 97C)p16910r2014-09-11 00:00:00yBK